000 00785cab a2200277 4500
001 A392
008 090401t1984 xxu||||| |||| 00| 0 eng d
035 _a(Sirsi) u28939
041 _aeng
100 _aSykes, Stephen
245 _aProperty valuation: a rational model
260 _c1984
350 _a0
490 _aJournal of Valuation
_v(1984) 2 JV 258-270(13)
650 _aEQUIVALENT YIELD MODEL
650 _aINCOME VALUATION
650 _aRACK-RENTED PROPERTY
650 _aRATIONAL MODEL
650 _aRENT ADJUSTMENT FACTORS
650 _aREVERSIONARY PROPERTIES
650 _aVALUATION METHODS
690 _aPROPERTY-COMMERCIAL PROPERTY-COMMERCIAL PROPERTY FINANCE AND INVESTMENT
690 _aRATING AND VALUATION
942 _n0
948 _c04/03/1997
999 _c19471
_d19471